Statistics for General Knowledge of Chinese Cities

Click here to take the quiz!

General Stats

  • This quiz has been taken 116 times
  • The average score is 7 of 16

Answer Stats

QuestionAnswer% Correct
Gulangyu, a historical international settlement which is now an UNESCO World Heritage Site, can be found in which city?Xiamen
64%
Which two cities were historically considered "heavens on earth" by the Chinese?Suzhou and Hangzhou
55%
Where can you find the eastern end of the Great Wall where it meets the ocean?Qinhuangdao
52%
Which city is regarded as having the "best scenery in the world" because of its karst hills?Guilin
50%
Which city was the co-host of the Beijing 2022 Winter Olympics?Zhangjiakou
50%
Which western Chinese city is famous for its beef noodle soup?Lanzhou
47%
Where are iPhones "assembled"?Zhengzhou
45%
Which city is infamous for its Dog Meat Festival?Yulin
42%
Which hilly city is famous for its spicy hot pot?Chongqing
40%
People in which city correctly predicted Donald Trump's victory over Hillary in 2016?Yiwu
39%
The Qing government leased out which city to the British in 1898 to counterbalance the Russian in Dalian?Weihai
37%
Where is the eastern terminus of the Longhai Railway and the New Eurasian Land Bridge, a transcontinental railway connecting China to Central Asia and beyond?Lianyungang
34%
Which city is mostly known for its fragrant black vinegar?Zhenjiang
32%
Mao Zedong told people to "learn industry" from which city?Daqing
31%
Which of the following is NOT renowned for its Chinese spirit or baijiu?Dazhou
30%
Where was the capital of Manchukuo, the Japanese puppet state between 1932-1945?Changchun
25%

Score Distribution

Percentile by Number Answered

Percent of People with Each Score

Your Score History

You have not taken this quiz